Strzelcy bramek w 8 kolejce Bundesligi w sezonie 2020/21. - Statystyki

Ogólne statystyki
  • Ten quiz został rozwiązany 8 razy
  • Średni wynik to 13 z 31
Statystyki odpowiedzi
Mecz Piłkarz % Poprawnych
Bayern - Werder Brema 1:1 Coman
88%
Hertha - Dortmund 1:1 Haaland
88%
Hertha - Dortmund 1:2 Haaland
88%
Hertha - Dortmund 1:3 Haaland
88%
Hertha - Dortmund 2:5 Haaland
88%
Hertha - Dortmund 1:0 Cunha
75%
Hertha - Dortmund 2:4 Cunha
75%
Hoffenheim - Stuttgart 3:2 Kramaric
75%
Hertha - Dortmund 1:4 Guerreiro
63%
Frankfurt - RB Lipsk 1:1 Poulsen
63%
Schalke - Wolsburg 0:1 Weghorst
63%
Bielefeld - Leverkusen 0:1 Bailey
38%
Bayern - Werder Brema 0:1 Eggestein
38%
Koln - Union Berlin 1:2 Kruse
38%
Freiburg - Mainz 0:1 Mateta
38%
Freiburg - Mainz 0:2 Mateta
38%
Freiburg - Mainz 0:3 Mateta
38%
Hoffenheim - Stuttgart 1:0 Baumgartner
25%
Bielefeld - Leverkusen 1:1 (bramka samobójcza) Hradecky
25%
Schalke - Wolfsburg 0:2 Schlager
25%
Hoffenheim - Stuttgart 1:2 Wamangituka
25%
Monchengladbach - Augsburg 1:1 Caligiuri
13%
Bielefeld - Leverkusen 1:2 Dragovic
13%
Hoffenheim - Stuttgart 1:1 Gonzalez
13%
Hoffenheim - Stuttgart 3:3 Kempf
13%
Monchengladbach - Augsburg 1:0 Neuhaus
13%
Hoffenheim - Stuttgart 2:2 Sessegnon
13%
Koln - Union Berlin 0:1 Awoniyi
0%
Frankfurt - RB Lipsk 1:0 Barkok
0%
Freiburg - Mainz 1:3 Petersen
0%
Koln - Union Berlin 1:1 Skhiri
0%
Nie znaleziono quizów pasujących do podanych kryteriów
Rozkład punktacji
Procent ludzi z każdym wynikiem
Percentyl według liczby udzielonych odpowiedzi
Twoja historia wyników
Nie rozwiązałeś tego quizu